1155 1789 1939 1739 1433 1371 1470 1750 1084 1045 1868 1533 1982 1363 1692 1400 1224 1473 1033 1587 1165 1945 1084 1542 1149 1779 1345 1813 1058 1227 1841 1598 1817 1227 1282 1315 1773 1083 1954 1025 1211 1119 1114 1884 1108 1925 1739 1013 1593 1404 1055 1323 1980 1686 1031 1036 1515 1800 1087 1803 1794 1144 1249 1087 1399 1718 1212 1283 1447 1125 1680 1721 1317 1824 1203 1600 1353 1530 1904 1445 1110 1757 1203 1514 1009 1129 1801 1884 1370 1522 1333 1571 1868 1288 1718 1073 1896 1150 1871 BCNSPRNW ULIB Ver.6.0+V

เปลี่ยนเป็นภาษาไทย

Change to English
 แสดงรายละเอียดบรรณานุกรม
  กลับหน้าหลัก

Brief Record : Get Marc (ISO 2709) : E-mail record : QR code < ปิดหน้าต่าง
LEADER : 00000nam 2200000uu 4500
001    13399111981
003     ULIB
008    110627s2552||||th 000 0 tha d
020    9786110600965
090    นว.^bM111S 2552
100 0  Merlin
245 00 Sweet Gossip ซุบซิบ หัวใจนายน่าจุ๊บ/^cMerlin
250    พิมพ์ครั้งที่ 1
260    กรุงเทพฯ :^bแจ่มใส,^c2552
300    210 หน้า
710 1  แจ่มใส
945    ^p159^l0^i026758
995    ทศพร
999 ^a ใช้งานได้ทุกระบบ
รายการนี้ยังไม่มีแท็ก
คุณยังไม่ได้ล็อกอิน คุณสามารถมีกิจกรรมร่วมกับเว็บไซต์ได้ แต่ต้องล็อกอินก่อน ::
  ล็อกอิน

รายการสื่อสารสนเทศ

ลำดับที่ ประเภท เลขเรียก/บาร์โค้ด สถานที่ สถานะ
- ไม่พบข้อมูล -

BibComment


ยังไม่เคยถูกคอมเมนท์

คอมเมนท์ทรัพยากรรายการนี้
  คอมเมนท์: Sweet Gossip ซุบซ..


 Copyright 2026. Bcnsprnw @Library